Statistics for Biggest World Cities starting with C within 1,000 Km

Click here to take the quiz!

General Stats

  • This quiz has been taken 162 times
  • The average score is 19 of 36

Answer Stats

Name % Correct
Chicago
99%
Cairo
98%
Cape Town
94%
Casablanca
92%
Caracas
92%
Calgary
90%
Cologne
89%
Canberra
86%
Chennai
85%
Cancun
79%
Christchurch
78%
Conakry
74%
Chengdu
73%
Cali
72%
Córdoba
70%
Curitiba
62%
Chittagong
57%
Cairns
57%
Cebu
56%
Ciudad Juárez
47%
Cotonou
45%
Chelyabinsk
42%
Changchun
28%
Concepcion
25%
Cochabamba
23%
Comodoro Rivadavia
21%
Chita
20%
Constantine
17%
Chandigarh
17%
Cuernavaca
16%
Chiba
15%
Campina Grande
13%
Chitungwiza
12%
Chonburi
11%
Chirchiq
6%
Cimahi
2%

Score Distribution

Percentile by Number Answered

Percent of People with Each Score

Your Score History

You have not taken this quiz